LEADER 01690nam 2200565 450 001 9910461564903321 005 20200520144314.0 010 $a1-4773-0558-0 035 $a(CKB)3710000000478587 035 $a(EBL)4397267 035 $a(SSID)ssj0001554734 035 $a(PQKBManifestationID)16181513 035 $a(PQKBTitleCode)TC0001554734 035 $a(PQKBWorkID)14052752 035 $a(PQKB)10736050 035 $a(MiAaPQ)EBC4397267 035 $a(Au-PeEL)EBL4397267 035 $a(CaPaEBR)ebr11255351 035 $a(OCoLC)958385449 035 $a(EXLCZ)993710000000478587 100 $a20160914h20152015 uy 0 101 0 $aeng 135 $aur|n|---||||| 181 $ctxt 182 $cc 183 $acr 200 14$aThe Ba'thification of Iraq $eSaddam Hussein's totalitarianism /$fby Aaron M. Faust 205 $aFirst edition. 210 1$aAustin, [Texas] :$cUniversity of Texas Press,$d2015. 210 4$dİ2015 215 $a1 online resource (321 p.) 300 $aDescription based upon print version of record. 311 $a1-4773-0557-2 320 $aIncludes bibliographical references and index. 606 $aPolitical parties$zIraq 606 $aTotalitarianism 607 $aIraq$xPolitics and government$y1979-1991 607 $aIraq$xPolitics and government$y1991-2003 608 $aElectronic books. 615 0$aPolitical parties 615 0$aTotalitarianism. 676 $a956.7044 700 $aFaust$b Aaron M.$0973579 801 0$bMiAaPQ 801 1$bMiAaPQ 801 2$bMiAaPQ 906 $aBOOK 912 $a9910461564903321 996 $aThe Ba'thification of Iraq$92215025 997 $aUNINA LEADER 01818nam 2200409Ia 450 001 996389904203316 005 20210104172053.0 035 $a(CKB)4940000000095882 035 $a(EEBO)2248505046 035 $a(OCoLC)ocn838168436e 035 $a(OCoLC)838168436 035 $a(EXLCZ)994940000000095882 100 $a20130411d1615 uy 0 101 0 $aeng 135 $aurbn||||a|bb| 200 10$aArticles to be inquired of, in the first metropoliticall visitation, of the Most Reuerend Father, George$b[electronic resource] $eby Gods prouidence, Arch-Bishop of Canterbury, and primate of all England; in, and for the Dioces of Canterbury in the yeare of our Lord God, [1615] and in the fifth yeare of his Graces translation 210 $aLondon, $cPrinted by William Iaggard.$d[1615?] 215 $a[16] p 300 $aDate of publication suggested by STC (2nd ed.). 300 $aMs. date of 1615 in blank space on t.p. 300 $aQuire A is in same setting as STC 10147.4 except for place. Cf. STC (2nd ed.). 300 $aPrinter's device (McK. 283) and headpiece on t.p.; headpieces; tailpiece; initials. 300 $aSignatures: A-B?. 300 $aReproduction of original in: Balliol College (University of Oxford). Library. 330 $aeebo-0007 606 $aVisitations, Ecclesiastical$vEarly works to 1800 608 $aPrinters' devices (Printing)$zEngland$zLondon$y1615.$2rbpri 615 0$aVisitations, Ecclesiastical 701 $aAbbot$b George$f1562-1633.$01002222 702 $aJaggard$b William$f1569-1623, 801 0$bUMI 801 1$bUMI 801 2$bUMI 906 $aBOOK 912 $a996389904203316 996 $aArticles to be inquired of, in the first metropoliticall visitation, of the Most Reuerend Father, George$92331674 997 $aUNISA